|
|
|
|
| LEADER |
01098nam a2200313 a 4500 |
| 001 |
7685 |
| 003 |
BD-DhAAL |
| 005 |
20150704131843.0 |
| 008 |
150704s1995 nyub 000 1 eng |
| 010 |
|
|
|a 95008404
|
| 020 |
|
|
|a 0330344838
|
| 040 |
|
|
|a DLC
|c DLC
|d DLC
|d BD-DhAAL
|
| 050 |
0 |
0 |
|a PR6056.O45
|b P58 1995
|
| 082 |
0 |
0 |
|a 823/.914
|2 20
|
| 100 |
1 |
|
|a Follett, Ken.
|9 12809
|
| 245 |
1 |
2 |
|a A place called freedom /
|c Ken Follett.
|
| 260 |
|
|
|a London :
|b Pan Books,
|c c1995.
|
| 300 |
|
|
|a 568 p. :
|c 15 cm.
|
| 500 |
|
|
|a Map on lining papers.
|
| 541 |
|
|
|e 7685
|
| 650 |
|
0 |
|a Scottish Americans
|x Fiction.
|9 12833
|
| 651 |
|
0 |
|a United States
|x History
|y Colonial period, ca. 1600-1775
|x Fiction.
|9 12834
|
| 651 |
|
0 |
|a Scotland
|x History
|y 18th century
|x Fiction.
|9 12835
|
| 651 |
|
0 |
|a Highlands (Scotland)
|x Fiction.
|9 12836
|
| 655 |
|
7 |
|a Historical fiction.
|2 gsafd
|9 5668
|
| 655 |
|
7 |
|a Love stories.
|2 gsafd
|9 12837
|
| 942 |
|
|
|2 ddc
|c BK
|
| 999 |
|
|
|c 34935
|d 34935
|
| 952 |
|
|
|0 0
|1 0
|2 ddc
|4 0
|6 823_914000000000000_FOL
|7 0
|9 54691
|a SCL
|b SCL
|c GEN
|d 2015-07-04
|e Gift
|l 0
|o 823.914 FOL
|p 3020007685
|r 2015-07-04
|t 1
|w 2015-07-04
|y BK
|